logo

Bir Sreshtho Munshi Abdur Rouf Library
Jhenaidah Cadet College

প্রশ্নোত্তরে গ্রন্থাগার ও তথ্যবিজ্ঞান / (Record no. 11000)

MARC details
000 -LEADER
fixed length control field 00871nam a2200241 a 4500
001 - CONTROL NUMBER
JCCL Control Number 11000
003 - CONTROL NUMBER IDENTIFIER
JCCL marc code BD-JhCC
005 - DATE AND TIME OF LATEST TRANSACTION
control field 20191128134008.0
008 - FIXED-LENGTH DATA ELEMENTS--GENERAL INFORMATION
fixed length control field 190618s 2012ii |||| |||| 000 0 ben d
035 ## - SYSTEM CONTROL NUMBER
system control number (BD-JhCC)11000
040 ## - CATALOGING SOURCE
Original cataloging agency BD-JhCC
Modifying agency BD-JhCC
041 ## - LANGUAGE CODE
Language code of Book ben
082 ## - DEWEY DECIMAL CLASSIFICATION NUMBER
Classification number 020
Author mark and Year GHO 2012
100 ## - MAIN ENTRY--PERSONAL NAME
Personal name ঘোষরায়, সুমিত
245 ## - TITLE STATEMENT
Title প্রশ্নোত্তরে গ্রন্থাগার ও তথ্যবিজ্ঞান /
Statement of responsibility, etc সুমিত ঘোষরায় এবং সুজাতা সরকার
260 ## - PUBLICATION, DISTRIBUTION, ETC. (IMPRINT)
Place of publication, distribution, etc কলিকাত :
Name of publisher, distributor, etc অর্পিতা,
Date of publication, distribution, etc ২০১২.
300 ## - PHYSICAL DESCRIPTION
Pagination ২৩১ পৃ. :
Dimensions ২২ সেমি.
650 ## - SUBJECT ADDED ENTRY--TOPICAL TERM
Topical term or geographic name as entry element Library science
650 ## - SUBJECT ADDED ENTRY--TOPICAL TERM
Topical term or geographic name as entry element Information science
650 ## - SUBJECT ADDED ENTRY--TOPICAL TERM
Topical term or geographic name as entry element Information services
700 ## - ADDED ENTRY--PERSONAL NAME
Personal name সরকার, সুজাতা
942 ## - ADDED ENTRY ELEMENTS (KOHA)
Source of classification or shelving scheme Dewey Decimal Classification
Koha item type Books
Koha issues (borrowed), all copies 2
Holdings
Source of classification or shelving scheme Damaged status Not for loan Home library Current library Shelving location Date of accession Cost, normal purchase price Total Checkouts Full call number Barcode Date last seen Date checked out Copy number Koha item type Method of acquisition Currency
Dewey Decimal Classification     JCC Rouf Library JCC Rouf Library General Stacks 06/18/2019 250.00 1 020 GHO 2012 15062 09/30/2023 11/27/2019 C-1 Books    
Dewey Decimal Classification     JCC Rouf Library JCC Rouf Library General Stacks   250.00   020 GHO 2012 19404 05/14/2024   C-2 Books Purchase BDT

JCC Library | Contacts | JCC Home

Last Update on 23 September 2017
Copyright @ 2017-2020 JCC Rouf Library
Rouf Library, Jhenidah Cadet College (JCC), Bangladesh